Etica demostrada según el orden geométrico

Saved in:
Bibliografiske detaljer
Hovedforfatter: Spinoza, Benedictus de (Author)
Format: Bog
Sprog:spansk
Udgivet: Madrid Alianza 2011
Udgivelse:3a. ed
Fag:
Tags: Tilføj Tag
Ingen Tags, Vær først til at tagge denne postø!

MARC

LEADER 00000cam a2200000 a 4500
001 UCF2802
003 CL-VaPUC
008 120910e20110000SP |||||||||||||||||spa|d
020 |a 9788420654973 
082 0 4 |a 174  |b SPI  |2 21 
100 0 |a Spinoza, Benedictus de  |e author  |9 319727 
245 1 0 |a Etica demostrada según el orden geométrico 
250 |a 3a. ed 
300 |a 463 p 
942 |c BK 
945 |d 20120910 00:00:00  |a dcastane 
260 |a Madrid  |b Alianza  |c 2011 
650 0 |a Ética  |9 255099 
583 |a last modification  |c 20140123 04:23:13  |k Rodrigo Vera 
999 |c 349341  |d 349339 
952 |0 0  |1 0  |4 0  |6 174_000000000000000_SPI_2011  |7 0  |8 A  |9 451935  |a BIBEDU  |b BIBEDU  |d 2019-11-22  |i 4901460  |o 174 SPI 2011  |p 4901460  |r 2019-11-22  |w 2019-11-22  |y BK  |k PSI 
952 |0 0  |1 0  |4 0  |6 174_000000000000000_SPI_2011  |7 0  |8 A  |9 451936  |a BIBEDU  |b BIBEDU  |d 2019-11-22  |i 4901479  |l 5  |m 2  |o 174 SPI 2011  |p 4901479  |r 2024-06-10  |s 2024-06-06  |w 2019-11-22  |y BK  |k PSI